000 00636nam a2200265Ia 4500
005 20260306164002.0
008 008 260114s9999 xx 000 0 eng d
020 _a9781526124241
037 _aEBOOK
040 _aCRL
040 _beng
040 _cCRL
041 _2eng
041 _aeng
084 _qCRL
100 _aCahillane, Gallen, Hickey
_91129760
245 0 _aJudges, Politics And The Irish Constitution
260 _bManchester University Press
260 _c2017
650 _aLaw
856 _uhttps://academic.oup.com/book/35780
942 _cEBOOK
999 _c1712290
_d1712290